000 00338nam a2200133Ia 4500
008 240624s9999 xx 000 0 und d
041 _aeng
082 _a330.954 SET
100 _aSETH VIJAY K
245 _aASCENT AND DECLINE OF NATIVE AND COLONIA
260 _c2019
_aNew Delhi
_bSage
300 _ax, 302 p.; 23 cm.
365 _cRS
_b35
999 _c31652
_d31652